| Поле | Инд. | ПП | Название | Значение |
|---|---|---|---|---|
| Тип записи | a | |||
| Библиографический уровень | b | |||
| 001 | Контрольный номер | RU/IS/BASE/505913267 | ||
| 005 | Дата корректировки | 20200522191754.3 | ||
| 008 | Кодируемые данные | 20160112 | ||
| 040 | b | Код языка каталог. | rus | |
| e | Правила каталог. | PSBO | ||
| 041 | 0_ | a | Код языка текста | rus |
| 084 | a | Индекс другой классификации/Индекс ББК | 83.3(2=411.2)52-004 | |
| 100 | 1_ | a | Автор | Никольский С. А. |
| q | Полное имя | Никольский Сергей Анатольевич | ||
| 245 | 11 | a | Заглавие | "Хочу веровать добру". Бунт Лермонтова |
| 504 | a | Библиография | Библиогр. - Примеч.: с. 93 - 94 | |
| 520 | 0_ | a | Аннотация | Хотя в общественном сознании Лермонтов традиционно маркируется как "второй поэт России", певец ее красот и обретающихся в ней "лишних людей", философское содержание его поэзии и прозы далеко от адекватного осмысления. Похоже, у нашего высоко мнящего о себе "креативного" времени до сих пор не нашлось интеллектуальных и душевных сил для понимания Лермонтова. Может быть, календарный повод - 200-летие со дня рождения Поэта - потревожит наш ленивый сон? |
| 600 | a | Персоналии | Лермонтов Михаил Юрьевич | |
| 650 | 14 | a | Основная рубрика | история литературы |
| a | Основная рубрика | литературоведение | ||
| a | Основная рубрика | филологические науки | ||
| a | Основная рубрика | философия | ||
| 653 | 1_ | a | Ключевые слова | "Демон" |
| a | Ключевые слова | XIX век | ||
| a | Ключевые слова | личность | ||
| a | Ключевые слова | образ Демона | ||
| a | Ключевые слова | поэзия | ||
| a | Ключевые слова | Россия | ||
| a | Ключевые слова | свобода личности | ||
| a | Ключевые слова | судьба | ||
| a | Ключевые слова | философия литературы | ||
| 773 | 08 | t | Заглавие источника | Вопросы философии |
| d | Дата издания источника | 2015 | ||
| g | Прочая информация | № 7. - С. 84 - 94 | ||
| w | Контрольный № источника | RU/IS/BASE/492608975 | ||
| 901 | t | Тип документа | b |